Hacia la tutela efectiva de la salud de las personas mayores (Registro nro. 33799)

Detalles MARC
000 -LEADER
fixed length control field 00375 a2200121 4500
001 - CONTROL NUMBER
control field ART_52653
005 - DATE AND TIME OF LATEST TRANSACTION
control field 20260410162029.0
008 - FIXED-LENGTH DATA ELEMENTS--GENERAL INFORMATION
fixed length control field 260409a
100 1# - MAIN ENTRY--PERSONAL NAME
Personal name Cofré, Noelia M.
245 10 - TITLE STATEMENT
Title Hacia la tutela efectiva de la salud de las personas mayores
700 1# - ADDED ENTRY--PERSONAL NAME
Personal name Rossi, Jorge O.
773 0# - HOST ITEM ENTRY
Title Temas de derecho procesal
Related parts - N° 6 (jun. 2021)
Record control number REV44095

No hay ítems disponibles.